| 000 | 00318 a2200121 4500 | ||
|---|---|---|---|
| 005 | 20250523161209.0 | ||
| 082 | _a658.785 TES | ||
| 100 | _aTESHA, C . P . | ||
| 245 | _aStores Management Manual | ||
| 260 |
_aDar es salaam, _bTesha, C .P. _c1991. |
||
| 300 |
_avii, 148p.:, ill.; figure, table, _c21cm. |
||
| 942 |
_2ddc _cBKS |
||
| 999 |
_c2592 _d2592 |
||